| 000 | 00510nam a2200193 i 4500 | ||
|---|---|---|---|
| 001 | bg | ||
| 100 | 1 | _aMAGNUSKI, JANUSZ | |
| 245 | 0 |
_aSamochody pancerne Wojska Polskiego 1918-1939 / _cJanusz Magnuski. |
|
| 260 |
_aWarszawa : _bWiS, _c1993. |
||
| 300 |
_a176 s. : _bfot., rys. ; _c20 cm. |
||
| 504 | _aBibliogr. s. 175. | ||
| 020 | _a8386028009 | ||
| 040 | _cBPK | ||
| 041 | _apol | ||
| 080 | _a623.438"1918/1939" | ||
| 920 | _a83-86028-00-9 | ||
| 942 | _cKS | ||
| 008 | s pl f |000 0 pol | ||
| 999 |
_c29933 _d29933 |
||
| 856 |
_uhttp://koha.tu.koszalin.pl/cgi-bin/koha/opac-detail.pl?biblionumber=29933 _yKatalog online BPK |
||